Welfare economics : Introduction and development of basic concepts

The book covers not only the basic topics in welfare economics at an introductory level but also advanced and new arguments. It begins with a treatment of Pareto optimality and welfare criteria anf continues with a systematic analysis of such topics as consumer supplus and social choice, externality...

全面介绍

Đã lưu trong:
书目详细资料
主要作者: Ng, Yew-Kwang
格式: 图书
语言:Undetermined
出版: London MacMillan 1979
主题:
标签: 添加标签
没有标签, 成为第一个标记此记录!
Thư viện lưu trữ: Trung tâm Học liệu Trường Đại học Cần Thơ
LEADER 01248nam a2200205Ia 4500
001 CTU_19237
008 210402s9999 xx 000 0 und d
082 |a 330.126 
082 |b N576 
100 |a Ng, Yew-Kwang 
245 0 |a Welfare economics : 
245 0 |b Introduction and development of basic concepts 
245 0 |c Yew-Kwang Ng 
260 |a London 
260 |b MacMillan 
260 |c 1979 
520 |a The book covers not only the basic topics in welfare economics at an introductory level but also advanced and new arguments. It begins with a treatment of Pareto optimality and welfare criteria anf continues with a systematic analysis of such topics as consumer supplus and social choice, externality and public goods. In addition, the book considers more advanced issues, including the distinction between welfare and preference, between basic value judgements and subjective judgements of fact, and discusses such new argument as the concept of 'conscience effects' in externalities and 'new theory of the third best'. The book concludes with a call for a complete and interdisciplinary study of welfare or happiness. 
650 |a Welfare economics 
904 |i Minh 
980 |a Trung tâm Học liệu Trường Đại học Cần Thơ